[Event "N4A3 Condom 2 - Muret"]
[Site "?"]
[Date "2003.12.07"]
[Round "3.6"]
[White "Camilleri, Hervé"]
[Black "Rauzières, Guy"]
[Result "0-1"]
[WhiteElo "1800"]
[BlackElo "1840"]
[EventDate "2003.??.??"]
[PlyCount "72"]

1.e4 d5 2.exd5 Nf6 3.b3 Nxd5 4.Bb2 e6 5.Nf3 Nd7 6.c4 N5f6 7.d4 b6 8.Bd3 
Bb7 9.Nbd2 c5 10.O-O cxd4 11.Bxd4 Rc8 12.Re1 Nc5 13.Bc2 Bd6 14.Qe2 O-O 15.
Bxf6 gxf6 16.b4 Na6 17.a3 f5 18.Rad1 Qf6 19.Nb3 Rfd8 20.Nbd4 Bb8 21.Bb3 
Kh8 22.h4 Rg8 23.Qe3 Rce8 24.Rd3 e5 25.c5 Qg6 26.Ng5 Ref8 27.Ndf3 Bxf3 28.
Rd7 Bc6 29.Bxf7 Qg7 30.Be6 Bxd7 31.Qb3 Bxe6 32.Qxe6 h6 33.Re3 hxg5 34.hxg5
Qg6 35.Rh3+ Kg7 36.Qe7+ Rf7 0-1

[Event "N4A3 Condom 2 - Muret"]
[Site "?"]
[Date "2003.12.07"]
[Round "3.5"]
[White "Pagnoncelli, Hervé"]
[Black "Costes, Laurent"]
[Result "1-0"]
[WhiteElo "1870"]
[BlackElo "1780"]
[EventDate "2003.??.??"]
[PlyCount "79"]

1.d4 Nf6 2.c4 d6 3.Nc3 g6 4.e4 Bg7 5.f4 c5 6.d5 O-O 7.Be2 e6 8.Nf3 exd5 9.
e5 dxe5 10.fxe5 Ng4 11.Bg5 Qd7 12.cxd5 Nxe5 13.O-O Na6 14.Kh1 Nc7 15.d6 
Nxf3 16.Rxf3 f6 17.Be3 Ne6 18.Bb5 Qd8 19.d7 Nd4 20.dxc8=Q Rxc8 21.Bxd4 
cxd4 22.Ne2 f5 23.Rd3 Qb6 24.Qb3+ Kh8 25.Rad1 Rfd8 26.Nf4 Rc5 27.Bc4 Re5 
28.h3 Rde8 29.Qxb6 axb6 30.Nd5 Re1+ 31.Rxe1 Rxe1+ 32.Kh2 Be5+ 33.g3 Re2+ 
34.Kg1 Rxb2 35.Bb3 b5 36.Nf4 Bxf4 37.gxf4 h6 38.Rxd4 Kg7 39.Rd7+ Kf6 40.
Rf7# 1-0

[Event "N4A3 Condom 2 - Muret"]
[Site "?"]
[Date "2003.12.07"]
[Round "3.4"]
[White "Partinico, Jeremy"]
[Black "Aspinall, John"]
[Result "1-0"]
[WhiteElo "1750"]
[BlackElo "1860"]
[EventDate "2003.??.??"]
[PlyCount "97"]

1.e4 d6 2.d4 Nf6 3.Nc3 c6 4.f4 Qa5 5.Bd2 e5 6.dxe5 dxe5 7.fxe5 Ng4 8.Nb5 
Qd8 9.Nd6+ Bxd6 10.exd6 Qxd6 11.Ba5 Qxd1+ 12.Rxd1 O-O 13.Nf3 Ne3 14.Rd3 
Nxf1 15.Rxf1 b6 16.Bc3 Ba6 17.Nh4 Bxd3 18.cxd3 Nd7 19.Nf5 f6 20.Ne7+ Kh8 
21.Nxc6 Nc5 22.Rf3 a5 23.Rh3 Rf7 24.Nd4 Rd7 25.Ke2 Rad8 26.Ke3 b5 27.Rh5 
Rc8 28.Bxa5 g6 29.Rh3 Re8 30.g4 f5 31.gxf5 gxf5 32.Bc3 Kg8 33.Rg3+ Kf7 34.
Rf3 Rd5 35.Kd2 Nxe4+ 36.dxe4 Rxe4 37.Rxf5+ Rxf5 38.Nxf5 Rf4 39.Nd6+ Ke6 
40.Ke3 Rh4 41.Nxb5 Rxh2 42.Nd4+ Kd5 43.Nf3 Rh1 44.Kf4 Ra1 45.a3 Kc4 46.Kg5
Rxa3 47.Nd2+ Kd3 48.bxa3 Kxc3 49.Nb1+ 1-0

[Event "N4A3 Condom 2 - Muret"]
[Site "?"]
[Date "2003.12.07"]
[Round "3.3"]
[White "Vitrou, Jonathan"]
[Black "Pastorelli, Loïc"]
[Result "0-1"]
[WhiteElo "1870"]
[BlackElo "1840"]
[EventDate "2003.??.??"]
[PlyCount "110"]

1.e4 c5 2.Nf3 Nc6 3.d4 cxd4 4.Nxd4 e5 5.Nb5 d6 6.N1c3 a6 7.Na3 b5 8.Nd5 
Nge7 9.Be3 Nxd5 10.Qxd5 Qc7 11.c3 Bb7 12.f3 Nd4 13.Bxb5+ axb5 14.Nxb5 Nxb5
15.Qxb5+ Bc6 16.Qe2 Be7 17.Kf2 O-O 18.Rhc1 f5 19.exf5 Rxf5 20.Kg1 Bg5 21.
b4 Raf8 22.b5 Bxb5 23.Qd2 Bxe3+ 24.Qxe3 Bc4 25.a4 Rf4 26.a5 Rb8 27.a6 Ra8 
28.a7 Rf7 29.Rd1 d5 30.Re1 Re7 31.Kf2 Rxa7 32.Rxa7 Qxa7 33.Qxa7 Rxa7 34.
Rxe5 Ra2+ 35.Kg1 Rd2 36.Re3 Kf7 37.g3 Rd3 38.Rxd3 Bxd3 39.Kf2 Ke6 40.Ke3 
Bf1 41.Kf2 Bc4 42.Ke3 Ke5 43.h4 Bb3 44.Ke2 d4 45.cxd4+ Kxd4 46.Kf2 Bd1 47.
g4 h6 48.Kg3 Ke3 49.f4 g6 50.h5 g5 51.fxg5 hxg5 52.h6 Bc2 53.Kg2 Kf4 54.
Kh2 Kxg4 55.Kg2 Kh5 0-1

[Event "N4A3 Condom 2 - Muret"]
[Site "?"]
[Date "2003.12.07"]
[Round "3.2"]
[White "Bouthier, Jacques"]
[Black "Woloszyn, Florent"]
[Result "1-0"]
[WhiteElo "2029"]
[BlackElo "1960"]
[EventDate "2003.??.??"]
[PlyCount "53"]

1.e4 e6 2.d4 d5 3.Nc3 dxe4 4.Nxe4 Bd7 5.Nf3 Bc6 6.Bd3 Nd7 7.Qe2 Ngf6 8.
Neg5 Qe7 9.Bd2 h6 10.Ne4 g6 11.Nxf6+ Qxf6 12.O-O-O Bxf3 13.gxf3 c6 14.Kb1 
Bd6 15.c4 O-O-O 16.Be4 e5 17.d5 c5 18.Be3 Qe7 19.Bc2 f5 20.Rhg1 Qf6 21.Bd2
Rde8 22.Ba4 Rhg8 23.Bc3 Qh4 24.Qc2 Qxc4 25.Bxd7+ Kxd7 26.Rxg6 e4 27.Rxd6+ 
1-0

[Event "N4A3 Condom 2 - Muret"]
[Site "?"]
[Date "2003.12.07"]
[Round "3.1"]
[White "Dargagnon, Rémi"]
[Black "Carpentier, Jean-Christophe"]
[Result "1-0"]
[WhiteElo "2122"]
[BlackElo "2087"]
[EventDate "2003.??.??"]
[PlyCount "57"]

1.e4 d5 2.Nc3 dxe4 3.Nxe4 Nc6 4.Nf3 Qd5 5.Nc3 Qa5 6.Bb5 Nf6 7.O-O Bd7 8.d4
O-O-O 9.Be3 e5 10.Bxc6 Bxc6 11.Nxe5 Be8 12.Qf3 h5 13.a3 c6 14.Nc4 Qc7 15.
Bf4 Qd7 16.Rad1 Nd5 17.Nxd5 Qxd5 18.Qxd5 cxd5 19.Ne3 f6 20.h4 Rg8 21.Rfe1 
g5 22.Bg3 Bg6 23.c4 dxc4 24.Nxc4 Re8 25.Ne3 Kd7 26.Nd5 Bg7 27.Rxe8 Bxe8 
28.Re1 f5 29.hxg5 1-0

[Event "N4A3 Colomiers - Auch"]
[Site "Colomiers"]
[Date "2003.12.07"]
[Round "3.2"]
[White "Pokee, Anne-Josèphe"]
[Black "Hantisse, Alain"]
[Result "1-0"]
[WhiteElo "1940"]
[BlackElo "1870"]
[EventDate "2003.??.??"]
[PlyCount "71"]

1.e4 c6 2.d4 d5 3.e5 Bf5 4.c4 e6 5.Nc3 Ne7 6.Bg5 Qc7 7.Rc1 dxc4 8.Bxc4 Nd7
9.Nf3 Nb6 10.Bb3 Ned5 11.Bxd5 Nxd5 12.Nxd5 exd5 13.O-O Be7 14.Qb3 Bxg5 15.
Nxg5 Qe7 16.f4 h6 17.Nf3 O-O 18.h3 Be4 19.Nd2 f5 20.Nxe4 fxe4 21.Rce1 Kh8 
22.g4 g6 23.Rf2 Rf7 24.Ref1 Raf8 25.Qe3 Kh7 26.Kh2 b6 27.f5 gxf5 28.gxf5 
c5 29.f6 Qe6 30.Rf5 cxd4 31.Qxd4 Rg8 32.Qe3 Qc8 33.Rh5 Rg6 34.Rc1 Qb8 35.
Rg1 d4 36.Rxh6+ 1-0

[Event "icn3g3r4,Béziers-Montpellier Européen"]
[Site "?"]
[Date "2003.12.07"]
[Round "?"]
[White "Py, Jean"]
[Black "Hasbi, J."]
[Result "1-0"]
[WhiteElo "2157"]
[BlackElo "2000"]
[EventDate "2003.12.12"]
[PlyCount "53"]

1.d4 d5 2.Nf3 Nf6 3.Bf4 c5 4.e3 Qb6 5.Qc1 Nc6 6.c3 cxd4 7.exd4 Bf5 8.Be2 
Rc8 9.O-O e6 10.a3 Be7 11.h3 O-O 12.Nbd2 Ne4 13.Be3 Nxd2 14.Qxd2 Na5 15.
Rae1 f6 16.Bf4 Nc4 17.Bxc4 Rxc4 18.Re2 g5 19.Bh2 Bd6 20.Rfe1 Bxh2+ 21.Nxh2
Re8 22.Qe3 Kf7 23.Qf3 Kg6 24.Ng4 Bxg4 25.hxg4 Qd6 26.Qh3 Rc6 $4 27.Qh5+ 
1-0

[Event "icn3g3r4,Béziers-Montpellier Européen"]
[Site "?"]
[Date "2003.12.07"]
[Round "?"]
[White "Puig, Jacques"]
[Black "Von Flüe, E."]
[Result "1-0"]
[WhiteElo "2000"]
[BlackElo "1940"]
[EventDate "2003.12.12"]
[PlyCount "103"]

1.e4 c5 2.Nf3 Nc6 3.d4 cxd4 4.Nxd4 g6 5.c4 Bg7 6.Be3 Nf6 7.Nc3 d6 8.Be2 
O-O 9.O-O Bd7 10.Qd2 b6 11.f3 Rc8 12.Rac1 Ne8 13.Nc2 Nc7 14.b3 Ne6 15.Nd5 
Nc7 16.Rfd1 Be8 17.f4 f6 18.Bg4 Rb8 19.b4 Bf7 20.b5 Na5 21.Ncb4 Be8 $2 
    ( 21...Ne6 $16 )
22.Nxc7 Qxc7 23.Na6 Qb7 24.Nxb8 Qxb8 25.Qd5+ Bf7 26.Be6 Qe8 27.Bxf7+ Qxf7 
28.f5 Rc8 29.Rd3 Rxc4 30.Rxc4 Nxc4 31.Bc1 Ne5 32.Qxf7+ Kxf7 33.Ra3 gxf5 
34.exf5 Nc4 35.Rxa7 d5 36.a4 Ke8 37.Kf2 h5 38.h3 Nd6 39.g4 hxg4 40.hxg4 
Ne4+ 41.Ke2 Nd6 42.Ba3 Nc8 43.Ra8 Kd7 44.a5 bxa5 45.Rxa5 Bh6 46.Bc5 Bf4 
47.Kd3 Be5 48.Ra6 Kd8 49.b6 Nd6 50.Ra7 Nc8 51.Ra8 Kd7 52.b7 1-0

[Event "icn3g3r4,Béziers-Montpellier Européen"]
[Site "?"]
[Date "2003.12.07"]
[Round "?"]
[White "Pascal-Mousselard, Philippe"]
[Black "Barthelemy, C."]
[Result "0-1"]
[WhiteElo "1940"]
[BlackElo "2000"]
[EventDate "2003.12.12"]
[PlyCount "158"]

1.b3 d5 2.Bb2 Nf6 3.e3 c5 4.Nf3 Nc6 5.Bb5 Qb6 6.Bxc6+ Qxc6 7.Ne5 Qc7 8.O-O
Bf5 9.d3 e6 10.Nd2 Bd6 11.f4 h5 12.Ndf3 O-O-O 13.Qe2 Ng4 14.e4 Bh7 15.h3 
f6 16.Nxg4 hxg4 17.hxg4 Bxf4 18.e5 f5 19.Bc1 Bxc1 20.Raxc1 fxg4 21.Nh2 Bf5
22.Rce1 g3 23.Qe3 gxh2+ 24.Kh1 g5 25.b4 d4 26.Qc1 Rd5 27.Qxg5 Qd8 28.Qd2 
cxb4 29.Qxb4 Qg5 30.Rf2 Qg3 31.Rf3 Qg5 32.Ref1 Rg8 33.R3f2 Kb8 34.a4 Rdd8 
35.a5 Bh3 36.Qd2 Qxd2 37.Rxd2 Bf5 38.Kxh2 Rd5 39.Rf4 Rg4 40.Rxg4 Bxg4 41.
Kg3 Bh5 42.Kf4 Rxa5 43.g4 Bxg4 44.Kxg4 Rxe5 45.Kf4 Re1 46.Rh2 a5 47.Rh5 b6
48.Re5 Re3 49.Re4 Kc7 50.Rxd4 Re1 51.Rc4+ Kd6 52.Rc8 b5 53.c3 Kd5 54.Ra8 
a4 55.c4+ Kc6 56.Rc8+ Kb7 57.Rc5 bxc4 $6 
    ( 57...Rf1+ 58.Ke3 Rf5 59.Rxf5 exf5 60.cxb5 a3 $19 )
58.Rxc4 a3 59.Ra4 Ra1 60.Ke3 a2 61.Kd2 Kc6 62.Kc2 Kd5 63.Kb2 Rd1 64.Kxa2 
Rxd3 65.Kb2 e5 66.Kc2 e4 67.Rb4 Ke5 68.Rb8 Rd5 69.Rf8 e3 70.Re8+ Kf5 71.
Rf8+ Ke4 72.Rf7 Rd4 73.Rf8 e2 74.Re8+ Kf3 75.Rf8+ Kg2 76.Re8 Kf1 77.Rf8+ 
Ke1 78.Rh8 Rd7 79.Rh1+ Kf2 0-1

[Event "icn3g3r4,Béziers-Montpellier Européen"]
[Site "?"]
[Date "2003.12.07"]
[Round "?"]
[White "Marco, MT."]
[Black "Ruiz-Pacheco, R."]
[Result "0-1"]
[WhiteElo "1260"]
[BlackElo "1230"]
[EventDate "2003.12.12"]
[PlyCount "86"]

1.e4 e5 2.Nf3 Nf6 3.Nc3 Nc6 4.Bc4 Bc5 5.O-O O-O 6.d3 d6 7.Nd5 Nxd5 8.Bxd5 
Ne7 9.Bg5 Qd7 10.h3 Nxd5 11.exd5 c6 12.d4 exd4 13.Nxd4 cxd5 14.Re1 Re8 15.
Qd2 b6 16.b4 Bxd4 17.Qxd4 Bb7 18.Re3 Qf5 19.Rg3 Re4 20.Qd2 Re6 21.Re1 Rae8
22.Kf1 Rxe1+ 23.Qxe1 Rxe1+ 24.Kxe1 Qe6+ 25.Re3 Qc8 26.g4 d4 27.Re7 h6 28.
Bf4 d5 29.Kd2 Qc3+ 30.Kc1 d3 31.Rc7 Qe1+ 32.Kb2 Qxf2 33.Kc3 Qxc2+ 34.Kd4 
Qf2+ 35.Ke5 Qe2+ 36.Kf5 d2 $2 
    ( 36...Qe4# )
    ( 36...Qe6# )
37.Bxd2 Qxd2 38.Rxb7 Qxa2 39.Rb8+ Kh7 40.Rb7 Qf2+ 41.Ke5 d4 42.Rxa7 d3 43.
Ra1 Qb2+ 0-1

[Event "icn3g3r4,Béziers-Montpellier Européen"]
[Site "?"]
[Date "2003.12.07"]
[Round "?"]
[White "Marco, C."]
[Black "Serra Labrador, Carles"]
[Result "1/2-1/2"]
[WhiteElo "1880"]
[BlackElo "1920"]
[EventDate "2003.12.12"]
[PlyCount "106"]

1.e4 e5 2.Nf3 Nf6 3.Bc4 Nxe4 4.d3 Nf6 5.Nxe5 d5 6.Bb3 Be7 7.O-O O-O 8.Nd2 
Nbd7 9.Ndf3 Re8 10.Re1 Nxe5 11.Nxe5 Be6 12.d4 Nd7 13.Bf4 Nxe5 14.Bxe5 Bd6 
15.Qf3 c6 16.c3 Bxe5 17.Rxe5 f6 18.Re3 Bf7 19.Rae1 Qd7 20.Bc2 Rxe3 21.Rxe3
Re8 22.Kf1 Rxe3 23.Qxe3 Bg6 24.Bxg6 hxg6 25.f3 Qf5 26.Qe8+ {(=)} 26...Kh7 
27.Qe1 Qc2 28.Qh4+ Kg8 29.Qe1 Kf7 30.Qa1 g5 31.a4 Qd3+ 32.Kf2 Qd2+ 33.Kf1 
g4 34.fxg4 Qf4+ 35.Kg1 Qxg4 36.Qe1 Qe4 37.Qxe4 dxe4 38.Kf2 b5 39.axb5 cxb5
40.Ke3 f5 41.g4 Kf6 42.gxf5 Kxf5 43.b4 g5 44.h3 a6 45.d5 Ke5 46.d6 Kxd6 
47.Kxe4 Ke6 48.Kf3 Ke5 49.Ke3 Kf5 50.Kf3 Kg6 51.Kg4 Kh6 52.h4 gxh4 53.Kxh4
Kg6 1/2-1/2

[Event "icn3g3r4,Béziers-Montpellier Européen"]
[Site "?"]
[Date "2003.12.07"]
[Round "?"]
[White "Laclau, Daniel"]
[Black "Bertrand, Frederic"]
[Result "0-1"]
[WhiteElo "2293"]
[BlackElo "2241"]
[EventDate "2003.12.12"]
[PlyCount "52"]

1.d4 d5 2.Nf3 Nf6 3.c4 c6 4.e3 g6 5.Nbd2 Bg7 6.Be2 O-O 7.O-O Bf5 8.b3 Nbd7
9.Bb2 Rc8 10.Nh4 Be6 11.f4 Nb6 12.c5 Na8 13.b4 Nc7 14.a4 a6 15.Nhf3 Bf5 
16.Ra3 Ne4 17.Nxe4 Bxe4 18.g4 e6 19.Nd2 Qh4 20.Rf2 f6 21.Nxe4 dxe4 22.Qb1 
f5 23.Rg2 Nd5 24.Bc1 $4 
    ( 24.Bc4 $14 )
24...Qe1+ 25.Bf1 Nxf4 26.Rd2 Nh3+ 0-1

[Event "icn3g3r4,Béziers-Montpellier Européen"]
[Site "?"]
[Date "2003.12.07"]
[Round "?"]
[White "Jules, Matthieu"]
[Black "Guerin, Gilles"]
[Result "1/2-1/2"]
[WhiteElo "2035"]
[BlackElo "2191"]
[EventDate "2003.12.12"]
[PlyCount "31"]

1.e4 c5 2.Nf3 Nc6 3.d4 cxd4 4.Nxd4 e5 5.Nb5 a6 6.Nd6+ Bxd6 7.Qxd6 Qf6 8.
Qc7 Nge7 9.Nc3 b5 10.Be3 O-O 11.Rd1 b4 12.Rd6 Qh4 13.g3 Qg4 14.Be2 Qh3 15.
Bf1 Qg4 16.Be2 1/2-1/2

[Event "icn3g3r4,Béziers-Montpellier Européen"]
[Site "?"]
[Date "2003.12.07"]
[Round "?"]
[White "Hassan, M"]
[Black "Basty, Bernard"]
[Result "1-0"]
[WhiteElo "2021"]
[BlackElo "1850"]
[EventDate "2003.12.12"]
[PlyCount "163"]

1.e4 e6 2.c4 d5 3.cxd5 exd5 4.exd5 Qxd5 5.Nc3 Qa5 6.Nf3 Nf6 7.Be2 Be7 8.
O-O O-O 9.d4 c6 10.Be3 Be6 11.Qd2 Nbd7 12.Ng5 Bf5 13.Bc4 Bb4 14.a3 Bxc3 
15.Qxc3 Qxc3 16.bxc3 Ne4 17.Nxe4 Bxe4 18.Rfe1 b5 19.Bb3 Bd5 20.Bc2 Nb6 21.
a4 a5 22.Reb1 Bc4 23.axb5 cxb5 24.Be4 a4 25.Bxa8 Rxa8 26.Bc1 Re8 27.Bb2 
Rc8 28.Re1 Be6 29.Re5 Bc4 30.Rae1 g6 31.Re8+ Rxe8 32.Rxe8+ Kg7 33.f3 h5 
34.Kf2 Nd5 35.Ra8 g5 36.g3 Kg6 37.Ra7 f6 38.Ke1 Ne3 39.Bc1 Nf1 40.d5 Nxh2 
41.d6 Nxf3+ 42.Kf2 Ne5 43.d7 Nxd7 44.Rxd7 h4 45.gxh4 gxh4 {(=)} 46.Rd4 h3 
47.Kg3 Be6 48.Rd6 Kf5 49.Rb6 Bc4 50.Kxh3 Ke4 51.Rxf6 Kd3 52.Bb2 Kc2 53.
Rf2+ Kb3 54.Kg3 Bd3 55.Kf4 b4 
    ( 55...a3 $5 56.Ba1 Bc4 57.Ke4 )
56.cxb4 Kxb4 57.Ke3 Bh7 58.Rf7 Bg8 59.Rb7+ Kc5 60.Kd2 Bb3 61.Kc3 Kd5 62.
Re7 Ba2 63.Kb4 Bb3 64.Re5+ Kd6 65.Bc3 Kc6 66.Bd2 Kd6 67.Bf4 Kc6 68.Kc3 Kd6
69.Kd4 Kc6 70.Rc5+ Kd7 71.Ke5 a3 72.Kf6 a2 73.Rc7+ Kd8 74.Ra7 Ke8 75.Be5 
Kd8 76.Bd4 Kc8 77.Ke7 Kb8 78.Kd7 Bd5 79.Ra5 Bc4 80.Rc5 Bf7 81.Rb5+ Ka8 82.
Kc7 1-0

[Event "icn3g3r4,Béziers-Montpellier Européen"]
[Site "?"]
[Date "2003.12.07"]
[Round "?"]
[White "Bastide, B."]
[Black "Satger, Olivier"]
[Result "0-1"]
[WhiteElo "1810"]
[BlackElo "1790"]
[EventDate "2003.12.12"]
[PlyCount "82"]

1.Nf3 Nf6 2.c4 c6 3.d4 d5 4.Nc3 a6 5.e3 b5 6.b3 Bg4 7.Be2 e6 8.O-O Nbd7 9.
h3 Bh5 10.Qc2 Bd6 11.e4 b4 12.e5 Bxf3 13.Bxf3 Nxe5 14.Be2 bxc3 15.dxe5 
Bxe5 16.Be3 d4 17.Rad1 c5 18.f4 Bc7 19.Bf3 Rb8 20.Bc6+ Kf8 21.g4 h6 22.Bf3
Qd6 23.Be2 Re8 24.Bc1 e5 25.fxe5 Qxe5 26.Bd3 Qg3+ 27.Qg2 Ne4 28.Qxg3 Bxg3 
29.Kg2 Bd6 30.Rf5 Nf6 31.Rdf1 Re6 32.b4 cxb4 33.c5 Be7 34.Bc4 Rc6 35.a3 
Bxc5 36.axb4 Bxb4 37.Bd5 Nxd5 38.Rxd5 Rd6 39.Re5 d3 40.Rd1 g6 41.Re4 d2 
0-1

[Event "St-Affrique-Narbonne"]
[Site "?"]
[Date "2003.12.07"]
[Round "?"]
[White "Tesson, M."]
[Black "Redon, Philippe"]
[Result "1/2-1/2"]
[WhiteElo "1730"]
[BlackElo "2047"]
[EventDate "2003.12.12"]
[PlyCount "80"]

1.e4 e5 2.Nf3 Nc6 3.Bb5 a6 4.Ba4 Nf6 5.O-O Be7 6.Re1 b5 7.Bb3 d6 8.c3 O-O 
9.h3 Be6 10.Bc2 d5 11.d4 Nxe4 12.dxe5 Bc5 13.Be3 f6 14.Bxe4 Bxe3 15.Bxh7+ 
Kxh7 16.Rxe3 fxe5 17.Nxe5 Nxe5 18.Qh5+ Kg8 19.Rxe5 Qf6 20.Qe2 Bf5 21.Re3 
d4 22.cxd4 Rad8 23.Nc3 Rxd4 24.f3 Rfd8 25.Re8+ Kh7 26.Rxd8 Qxd8 27.Qe5 Bg6
28.Re1 b4 29.Ne4 Rd5 30.Qg3 c5 31.f4 Bxe4 32.Rxe4 Rd1+ 33.Kh2 Rd2 34.Qf3 
Qd5 35.f5 Qd6+ 36.Rf4 Rd4 37.Qh5+ Kg8 38.Qe8+ Kh7 39.Qh5+ Kg8 40.Qe8+ Kh7 
1/2-1/2

[Event "St-Affrique-Narbonne"]
[Site "?"]
[Date "2003.12.07"]
[Round "?"]
[White "Poulenard, Raphael"]
[Black "Inouss, Badr"]
[Result "1-0"]
[WhiteElo "2255"]
[BlackElo "2021"]
[EventDate "2003.12.12"]
[PlyCount "61"]

1.d4 d5 2.c4 c6 3.e3 Nf6 4.Nc3 g6 5.Nf3 Bg7 6.Bd3 Bg4 7.cxd5 cxd5 8.Qb3 
Bxf3 9.gxf3 Qd7 10.Bd2 O-O 11.h4 Nc6 12.h5 Nxh5 13.Nxd5 Bxd4 14.Rxh5 gxh5 
15.exd4 Nxd4 16.Qc4 Nxf3+ 17.Ke2 Nxd2 18.Kxd2 Qe6 $2 
    ( 18...Qg4 $5 19.Nxe7+ Kg7 $16 )
19.Rg1+ Kh8 20.Qd4+ f6 21.Nc7 Qxa2 22.Nxa8 Rxa8 23.Bc4 Qa5+ 24.Kc2 Rd8 25.
Be6 $6 
    ( 25.Qd7 $1 Qd2+ 26.Qxd2 Rxd2+ 27.Kxd2 h6 $18 )
25...b5 26.Qe3 Qa4+ 27.Bb3 Qh4 28.Kb1 Qh2 $4 
    ( 28...f5 $5 )
29.Rg3 Qh1+ 30.Ka2 Qc6 31.Qxe7 1-0

[Event "St-Affrique-Narbonne"]
[Site "?"]
[Date "2003.12.07"]
[Round "?"]
[White "Mourgues, J."]
[Black "Ballester, Regis"]
[Result "1/2-1/2"]
[WhiteElo "1740"]
[BlackElo "1760"]
[EventDate "2003.12.12"]
[PlyCount "91"]

1.Nf3 d5 2.g3 c5 3.d3 Nf6 4.Bg2 Nc6 5.Nbd2 Bf5 6.O-O Qd7 7.c4 d4 8.Ng5 e5 
9.Qa4 Be7 10.Re1 O-O 11.Nde4 Nxe4 12.Nxe4 Nb4 13.Qxd7 Bxd7 14.Rd1 Nc6 15.
a3 f5 16.Ng5 h6 17.Bd5+ Kh8 18.Nf7+ Kh7 19.f4 exf4 20.Bxf4 
    ( 20.gxf4 $5 )
20...g5 21.Bc7 $4 
    ( 21.Ne5 $5 )
21...Rac8 22.Bd6 Bxd6 $2 
    ( 22...Rxf7 $1 23.Bxf7 Bxd6 $19 )
23.Nxd6 Rb8 24.Rab1 Rf6 25.Nf7 Be8 26.Bxc6 Rxc6 27.Ne5 Re6 28.Nf3 Bc6 29.
Kf2 Rbe8 30.Ng1 Kg6 31.b4 b6 32.b5 Bb7 33.a4 h5 34.a5 R8e7 35.Ra1 Kf6 36.
Ra2 Re3 37.axb6 axb6 38.Nf3 Kg6 39.h4 Bxf3 40.exf3 gxh4 41.gxh4 f4 42.Rdd2
Kf6 43.Ra8 Rg7 44.Rf8+ Rf7 45.Rg8 Rg7 46.Rf8+ 1/2-1/2

[Event "St-Affrique-Narbonne"]
[Site "?"]
[Date "2003.12.07"]
[Round "?"]
[White "Georgiev, K."]
[Black "Couty, Olivier"]
[Result "1-0"]
[WhiteElo "2452"]
[BlackElo "2150"]
[EventDate "2003.12.12"]
[PlyCount "55"]

1.e4 c5 2.Nf3 e6 3.b3 d5 4.exd5 exd5 5.Bb2 Nf6 6.Bb5+ Bd7 7.Qe2+ Be7 $6 
    ( 7...Qe7 $5 )
8.Bxf6 gxf6 9.Nc3 a6 10.Bxd7+ Qxd7 11.O-O Nc6 12.Na4 Qe6 13.Rfe1 Qxe2 14.
Rxe2 O-O 15.Nh4 b5 16.Nc3 Rfd8 17.Nd1 Bd6 18.Ne3 Be5 19.Rf1 d4 20.Nef5 d3 
$6 
    ( 20...Re8 $5 $11 )
21.cxd3 Rxd3 22.Rc1 Rad8 23.Rxc5 Nd4 24.Nxd4 Bxd4 25.Rc2 Bc3 26.Nf3 Bb4 
27.Kf1 Kg7 28.Re3 1-0

[Event "St-Affrique-Narbonne"]
[Site "?"]
[Date "2003.12.07"]
[Round "?"]
[White "Desnos, Nicolas"]
[Black "Bosc, Sebastien"]
[Result "1/2-1/2"]
[WhiteElo "2086"]
[BlackElo "2065"]
[EventDate "2003.12.12"]
[PlyCount "150"]

1.c4 e6 2.Nc3 d5 3.cxd5 exd5 4.Nf3 Nf6 5.d3 c6 6.g3 Bd6 7.Bg2 O-O 8.O-O 
Re8 9.Bg5 h6 10.Bxf6 Qxf6 11.Qb3 Nd7 12.d4 Qe7 13.e4 dxe4 14.Nxe4 Nb6 
    ( 14...Qxe4 $6 15.Rfe1 Qe7 16.Rxe7 Bxe7 $16 )
15.Nxd6 Qxd6 16.Rfe1 Rxe1+ 17.Rxe1 Be6 18.Qc2 Rd8 19.Qc5 Qxc5 20.dxc5 Na4 
21.b4 Bxa2 22.Nh4 Nc3 $6 
    ( 22...Rd4 $1 23.Re4 Rd1+ 24.Bf1 Bd5 25.Re8+ Kh7 26.Nf5 Rb1 27.Ne3 
    Rxb4 28.Nxd5 cxd5 )
23.Nf5 Nb5 24.Be4 Be6 25.f4 Rd2 26.Bb1 Kf8 27.Nh4 Nc3 28.Bf5 Ne2+ 29.Kf2 
Nc3+ $2 
    ( 29...Nxf4+ $5 30.Ke3 Rxh2 31.Kxf4 g5+ 32.Kg4 gxh4 33.Bxe6 fxe6 34.
    gxh4 $17 )
30.Ke3 Rxh2 31.Bxe6 fxe6 32.Kd4 Re2 33.Ra1 Nb5+ 34.Kd3 Rb2 35.Ke4 Re2+ 36.
Kd3 Rb2 37.Ke4 Rxb4+ 38.Ke5 Nc7 39.Rd1 Ke8 40.f5 exf5 41.Nxf5 Nd5 42.Nxg7+
Kf7 43.Nf5 Kg6 44.Rh1 h5 45.Rf1 a5 46.Nd4 a4 47.Rf8 Nc3 48.Rf6+ Kg5 49.Rf8
Kg4 50.Rf4+ Kh3 51.Rh4+ Kg2 52.Rxh5 Kxg3 53.Rg5+ Kf2 54.Rf5+ Kg2 55.Rg5+ 
Kh3 56.Rh5+ Kg4 57.Rh8 Rb2 58.Rg8+ Kh3 59.Kf4 Rf2+ 60.Ke3 Rf7 61.Ne6 Rf6 
62.Nf4+ Kh2 63.Rh8+ Kg1 64.Rg8+ Kf1 65.Nh3 Nd5+ $2 
    ( 65...Ke1 $1 66.Rg1+ Rf1 67.Kd3 
        ( 67.Rg2 a3 68.Rc2 a2 69.Rc1+ Nd1+ 70.Kd4 Kd2 71.Ra1 Nc3 72.Rxa2+ 
        Nxa2 $19 )
    67...Rxg1 68.Nxg1 Nb5 69.Nf3+ Kd1 70.Kc4 Kc2 71.Ne1+ Kb2 72.Nd3+ Kb1 
    73.Nb4 Nc7 74.Nxc6 bxc6 75.Kb4 Na6+ 76.Kxa4 Nxc5+ 77.Kb4 $19 )
66.Kd2 Rf2+ 67.Nxf2 Kxf2 68.Rf8+ Kg3 69.Ra8 b6 70.Rxa4 bxc5 71.Ra6 Nb4 72.
Ra5 Kf3 73.Rxc5 Nd5 74.Rxc6 Ke4 75.Rc4+ Ke5 1/2-1/2

[Event "St-Affrique-Narbonne"]
[Site "?"]
[Date "2003.12.07"]
[Round "?"]
[White "Desnos, Alexandre"]
[Black "Boyd, Stephen"]
[Result "1/2-1/2"]
[WhiteElo "2132"]
[BlackElo "2331"]
[EventDate "2003.12.12"]
[PlyCount "62"]

1.e4 c5 2.c4 Nc6 3.Nc3 g6 4.g3 Bg7 5.Bg2 e6 6.Nge2 Nge7 7.O-O O-O 8.d3 d6 
9.f4 f5 10.Be3 Nd4 11.Qd2 Rb8 12.Bf2 Nec6 13.Nxd4 Nxd4 14.Rad1 Qa5 15.Kh1 
a6 16.Rc1 b5 17.b3 Bb7 18.Nb1 Qb6 19.Nc3 bxc4 20.dxc4 Bc6 21.Be3 Qb7 22.
exf5 Nxf5 23.Bg1 Bd4 24.Rfe1 Rbe8 25.Bxc6 Qxc6+ 26.Qg2 Qd7 27.Ne4 Bg7 28.
Rcd1 Nd4 29.b4 Qc7 30.bxc5 dxc5 31.Rb1 Re7 1/2-1/2

[Event "St-Affrique-Narbonne"]
[Site "?"]
[Date "2003.12.07"]
[Round "?"]
[White "Chaplin, Erik"]
[Black "Desnos, M."]
[Result "1-0"]
[WhiteElo "2136"]
[BlackElo "1880"]
[EventDate "2003.12.12"]
[PlyCount "61"]

1.e4 e5 2.Nf3 Nf6 3.d3 d6 4.Be2 Be7 5.O-O O-O 6.c3 b6 7.Nbd2 Bb7 8.Qc2 
Nbd7 9.d4 d5 10.exd5 exd4 11.c4 c5 12.dxc6 Bxc6 13.Nxd4 Bb7 14.Bf3 Bxf3 
15.N2xf3 Rc8 16.b3 Ne5 17.Qf5 Rc5 18.Qc2 Nxf3+ 19.Nxf3 Rh5 20.Bf4 Qc8 21.
Rad1 Qc6 22.Ne5 Qb7 23.Qe2 Rf5 24.Bg3 Re8 25.Qd3 g6 26.f4 Rd8 27.Qf3 Bc5+ 
28.Kh1 Rxd1 29.Qxd1 Qc7 30.Qd3 Ne4 $4 31.Qxe4 1-0

[Event "St-Affrique-Narbonne"]
[Site "?"]
[Date "2003.12.07"]
[Round "?"]
[White "Ballester, Jonathan"]
[Black "Herrero, A."]
[Result "0-1"]
[WhiteElo "1820"]
[BlackElo "1820"]
[EventDate "2003.12.12"]
[PlyCount "68"]

1.e4 c5 2.d4 cxd4 3.c3 dxc3 4.Nxc3 a6 5.Nf3 e6 6.a3 Nc6 7.Bc4 Qc7 8.O-O 
Nge7 9.Re1 Ng6 10.Ba2 Be7 11.Nd5 exd5 12.exd5 O-O 13.dxc6 dxc6 14.Ng5 Bxg5
15.Bxg5 Bd7 16.Be7 Bg4 17.Qxg4 Nxe7 18.Re3 Nd5 19.Rg3 g6 20.h4 Rad8 21.h5 
Qe5 22.hxg6 hxg6 23.Rh3 Qf4 24.Qe2 Rfe8 25.Qc2 Qe4 26.Qb3 Re7 27.Rd1 Red7 
28.Qg3 Qf4 29.Qd3 Qe5 30.Qd2 $4 Nf4 $2 
    ( 30...Nf6 $1 )
31.Bxf7+ Kg7 32.Re3 $4 
    ( 32.Qxd7 $6 Rxd7 33.Rxd7 Nxh3+ 34.gxh3 Qxb2 $19 )
32...Rxd2 33.Rxd2 Qc7 34.Rxd8 Qxd8 0-1

[Event "Echiquier Toulousain-Montpellier Echecs"]
[Site "?"]
[Date "2003.12.07"]
[Round "?"]
[White "Tournay, Angelina"]
[Black "Rasse, Charlotte"]
[Result "0-1"]
[WhiteElo "1470"]
[BlackElo "1790"]
[EventDate "2003.12.12"]
[PlyCount "54"]

1.e4 c5 2.Nc3 Nc6 3.Be2 e6 4.f4 Nge7 5.Nf3 d5 6.exd5 exd5 7.O-O Bf5 8.Bb5 
a6 9.Bxc6+ Nxc6 10.d3 Be7 11.Ne5 Rc8 12.Qf3 d4 13.Nd5 Be6 14.Nxe7 Qxe7 15.
Nxc6 Rxc6 16.f5 Bc8 17.Bd2 O-O 18.Rae1 Qf6 19.g4 g6 20.Bh6 Rd8 21.Qf4 Qd6 
22.Qe4 Bd7 23.f6 Qe6 24.h3 $6 
    ( 24.Qxe6 $5 Rxe6 25.Rxe6 Bxe6 $14 )
24...Qd6 25.Kg2 Rb6 26.Qe7 Bc6+ 27.Kf2 $4 
    ( 27.Rf3 Bxf3+ 28.Kxf3 Qxf6+ 29.Qxf6 Rxf6+ $19 )
27...Qh2# 0-1

[Event "Echiquier Toulousain-Montpellier Echecs"]
[Site "?"]
[Date "2003.12.07"]
[Round "?"]
[White "Schoucair, Henry"]
[Black "Juglard, Eric"]
[Result "0-1"]
[WhiteElo "2086"]
[BlackElo "2172"]
[EventDate "2003.12.12"]
[PlyCount "74"]

1.e4 e6 2.d4 d5 3.Nd2 Nf6 4.e5 Ne4 5.Nxe4 dxe4 6.Be3 b6 7.Ne2 Bb7 8.Ng3 
Qd5 9.Be2 Nc6 10.O-O O-O-O 11.c3 f5 12.f3 exf3 13.Bxf3 Qd7 14.b4 Be7 15.
Qb3 g5 16.Be2 Rdf8 17.Bc4 Nd8 18.Bd2 h5 19.Ne2 h4 20.h3 Rhg8 21.Rf2 b5 22.
Bd3 g4 23.Nf4 
    ( 23.hxg4 fxg4 24.Nf4 
        ( 24.Rxf8 Rxf8 25.Qc2 $11 )
    )
23...gxh3 24.Nxh3 Rg3 25.Bf1 Rfg8 26.Kh2 Qc6 27.Nf4 Bg5 
    ( 27...h3 28.d5 exd5 29.Bd3 hxg2 30.Bxf5+ Kb8 $19 )
28.Qb2 h3 29.d5 Bxf4 
    ( 29...hxg2 30.Bxg2 exd5 $19 )
30.Bxf4 Qxc3 
    ( 30...hxg2 $5 )
31.Bxg3 $2 
    ( 31.Qxc3 $1 Rxc3 32.gxh3 Bxd5 33.Bxb5 $11 )
31...Qxg3+ 32.Kg1 Bxd5 33.Rc1 Nc6 34.Rcc2 Qxe5 35.Qxe5 Nxe5 36.a3 Nf3+ 37.
Kh1 hxg2+ 0-1